02085nam a2200361 4500001000400000003000400004005001700008008004100025020001800066040000800084041001300092082001700105100002000122240004800142245015100190260003400341300001600375490004000391520084700431650002901278650002401307650002201331650001701353650002501370655001601395655002001411700005001431700003201481830004501513942001501558952013701573999001301710331OSt20250528074018.0250327b |||||||j |||| 00| 1 eng d a9788539513253 bPor hengapor a028.5bS879c aStone, Rex9494 aDinosaur Cove: Filght of the Winged Serpent aA Caverna dos Dinossauros bO voo da serpente alada / cStone, Rex ; tradução de Barbara Sampaio Vieira Duarte e ilustração de Mike Spoor aSão PaulobFundamentoc2015 a56 p.bil. 1 aA Caverna dos Dinossauros vLivro 4 aDurante a construção de uma maquete para o novo Museu dos Dinossauros, Jamie descobre um fato raro. O pai dele, um grande especialista em dinossauros, tem uma dúvida sobre um animal pré-histórico! E Jamie sabe exatamente onde encontrar a resposta para essa dúvida. Assim, ele e Tom, seu amigo, partem para o Mundo dos Dinossauros. A missão dos dois é encontrar o quetzalcoatlus, um imenso dinossauro alado, e descobrir onde essa espécie de nome bem complicado constrói seus ninhos. Com a ajuda do Descobridor de Fósseis, eles logo encontram o dino voador. Mas nada é tão simples no Mundo dos Dinossauros... O quetzalcoatlus captura Wanna, o dinossauro amigo dos garotos, e o leva para o ninho cheio de filhotes. Será que Wanna vai virar refeição de pequenas serpentes aladas? Bem, só lendo para saber...  0aLiteratura Americana984 0aInfantojuvenil9200 0aDinossauros 9495 0aAventura947 0aGrandes Amizades928 0aRomance923 0aFicção 922 aBarbara Sampaio Vieira DuarteeTRADUTORA9496 aMike SpooreIlustrador9497 aA Caverna dos Dinossauros vLivro 49498 2ddcn0cBK 00102ddc3vol. 044070aBIBIBbBIBIBd2025-03-27edoaçãol0oIJ 028.5 / S879cp2025-17285r2025-03-27 14:11:30w2025-03-27yBK c331d331